000
00306nam a22001337a 4500
003
SGT
082
_a
920
_b
T58S
100
_a
STEFFENS, LINCOLN
245
_a
THE AUTOBIOGRAPHY OF LINCOLN STEFFENS
260
_b
HARCOURT, BRACE & WORLD INC.
_c
1958
300
_a
884
650
_a
BIOGRAPHY
942
_2
ddc
_c
BK
999
_c
28244
_d
28244